Learning Resource and Development

Dewey decimal classification in library science (Record no. 2678)

MARC details
000 -LEADER
fixed length control field 00676nam a22002177a 4500
005 - DATE AND TIME OF LATEST TRANSACTION
control field 20230512221615.0
008 - FIXED-LENGTH DATA ELEMENTS--GENERAL INFORMATION
fixed length control field 180313t xxu||||| |||| 00| 0 eng d
020 ## - INTERNATIONAL STANDARD BOOK NUMBER
International Standard Book Number 9789381421567
040 ## - CATALOGING SOURCE
Transcribing agency CSPC
082 0# - DEWEY DECIMAL CLASSIFICATION NUMBER
Classification number 025.431
Item number Sa199d
100 ## - MAIN ENTRY--PERSONAL NAME
Personal name Sahu, Ravindra
Relator term author.
245 00 - TITLE STATEMENT
Title Dewey decimal classification in library science
Statement of responsibility, etc. Ravindra Sahu
260 ## - PUBLICATION, DISTRIBUTION, ETC.
Place of publication, distribution, etc. New Delhi :
Name of publisher, distributor, etc. Random Publications.
Date of publication, distribution, etc. 2015.
300 ## - PHYSICAL DESCRIPTION
Extent 272 pages :
Dimensions 26 cm.
500 ## - GENERAL NOTE
General note Includes Index.
650 10 - SUBJECT ADDED ENTRY--TOPICAL TERM
Topical term or geographic name entry element Classification, Dewey decimal.
940 ## - EQUIVALENCE OR CROSS-REFERENCE--UNIFORM TITLE [OBSOLETE] [CAN/MARC only]
Uniform title <a href="Mar">Mar</a>
942 ## - ADDED ENTRY ELEMENTS (KOHA)
Koha item type
-- CIR 025.431 Sa199d 2015
Holdings
Withdrawn status Lost status Damaged status Not for loan Home library Current library Shelving location Date acquired Total Checkouts Full call number Barcode Date last seen Date last checked out Copy number Price effective from Koha item type
        Main Library Main Library Circulation Section 05/12/2023 2 CIR 025.431 Sa199d 2015 018461 09/02/2025 08/13/2025 1-2 05/12/2023 Books
        Main Library Main Library Circulation Section 05/12/2023 1 CIR 025.431 Sa199d 2015 018460 09/28/2023 08/29/2023 2-2 05/12/2023 Books